Hauptstädte am Nächsten nach Berlin - Statistiken

Allgemein
  • Dieses Quiz wurde 465 mal gespielt
  • Das Durchschnittsergebnis liegt bei 17 aus 20
Antwortstatistiken
Km Hauptstadt % Korrekt
518 Warschau
99%
281 Prag
98%
524 Wien
98%
355 Kopenhagen
97%
578 Amsterdam
96%
880 Paris
96%
652 Brüssel
95%
754 Bern
94%
810 Stockholm
91%
603 Luxemburg
90%
840 Oslo
88%
689 Budapest
86%
553 Bratislava
78%
933 London
78%
848 Riga
78%
661 Vaduz
75%
954 Minsk
74%
771 Zagreb
71%
820 Vilnius
69%
724 Ljubljana
65%
Keine übereinstimmenden Quizze gefunden
Verteilung der Resultate
Anzahl Personen mit jedem Resultat
Perzentil nach korrekt beantworteten Fragen
Ihre Resultats-Entwicklung
Sie haben dieses Quiz noch nicht gespielt